000 00959nam a22003017a 4500
001 8246
003 FISKH
005 20250904160550.0
008 250904b cb ||||| |||| 00| 0 eng d
020 _a9781416975144
040 _aFISKH
_beng
_cFISKH
_dFISKH
050 _aPZ7.E418 F
082 _a557
100 _aElliot, Eliza
245 _aFriday's tall tale /
_cby Eliza Elliot : based on the book by Lois Duncan
250 _aFirst Edition
260 _aNew York :
_bSimon Spotlight ,
_c2008.
300 _a32 pages :
_bcolor illustrations ;
_c23 cm.
490 _aRedy-To-Read
_vLevel 2
505 _aJ
520 _aFriday the dog explains how he found a wonderful new life with his human friends, Andi and Bruce, until too many other dogs showed up.
521 8 _a500
_bLexile estimate
521 8 _aJ
_bRaz-Plus
650 _aAnimals
_vFiction
650 _aDogs
_vFiction
942 _2ddc
_cBK
_n0
999 _c8246
_d8246